Mejora al sistema de abastecimiento de agua potable del Hospital San Juan de Dios

Zapisane w:
Opis bibliograficzny
1. autor: Vargas Solís, Jorge Arturo
Format: Nieznany
Wydane: [San José, Costa Rica] 1979
Hasła przedmiotowe:
Etykiety: Dodaj etykietę
Nie ma etykietki, Dołącz pierwszą etykiete!

MARC

LEADER 00000 a2200000 4500
003 001046
005 20221231143737.0
008 140114s1979 c a m 000 ||s d
040 |c cru CEDI 
090 |a TFG 868 
100 |a Vargas Solís, Jorge Arturo  |9 16180 
245 |a Mejora al sistema de abastecimiento de agua potable del Hospital San Juan de Dios 
260 |c 1979  |a [San José, Costa Rica] 
300 |a  [48] hojas : ilustraciones (1 plegables) ; 27 cm  
500 |a  Tesis (ingeniero civil) --Universidad de Costa Rica.  
650 |x HOSPITAL SAN JUAN DE DIOS (COSTA RICA)  |x SUMINISTRO DE AGUA  |9 16179 
942 |c TFG 
999 |c 11150  |d 11150